[Event "UKR-ch"]
[Site "Lutsk UKR"]
[Date "2019.12.14"]
[Round "5.4"]
[White "Bernadskiy, Vitaliy"]
[Black "Golubka, Petro"]
[Result "1-0"]
[WhiteElo "2593"]
[BlackElo "2479"]
[WhiteFideId "-1"]
[BlackFideId "-1"]
[PlyCount "169"]
[GameId "2129404752039168"]
[EventDate "2019.12.10"]
[EventType "tourn"]
[EventRounds "9"]
[EventCountry "UKR"]
[EventCategory "15"]
[SourceTitle "10 Days #600"]
[Source "Chess Mix"]
[SourceDate "2019.12.20"]
[SourceVersion "1"]
[SourceVersionDate "2019.12.20"]
[SourceQuality "1"]
[TimeControl "40/5400+30:1800+30"]

1. d4 {[%emt 0:00:00]} d5 {[%emt 0:00:00]} 2. c4 {[%emt 0:00:00]} dxc4 {[%emt 0:00:00]} 3. e4 {[%emt 0:00:41]} Nc6 {[%emt 0:00:00]} 4. Nf3 {[%emt 0:00:27]} Bg4 {[%emt 0:00:30]} 5. d5 {[%emt 0:00:05]} Bxf3 {[%emt 0:03:33]} 6. gxf3 {[%emt 0:00:42]} Ne5 {[%emt 0:00:07]} 7. f4 {[%emt 0:03:00]} Nd3+ {[%emt 0:00:20]} 8. Bxd3 {[%emt 0:00:04]} cxd3 {[%emt 0:00:06]} 9. Nc3 {[%emt 0:01:34]} Nf6 {[%emt 0:05:19]} 10. Be3 {[%emt 0:01:33]} g6 {[%emt 0:01:32]} 11. Qxd3 {[%emt 0:01:14]} c6 {[%emt 0:03:50]} 12. O-O-O {[%emt 0:00:05]} Bg7 {[%emt 0:00:38]} 13. dxc6 {[%emt 0:04:22]} Qxd3 {[%emt 0:02:52]} 14. Rxd3 {[%emt 0:00:04]} bxc6 {[%emt 0:00:08]} 15. Rhd1 {[%emt 0:00:11]} O-O {[%emt 0:00:41]} 16. e5 {[%emt 0:00:04]} Ng4 {[%emt 0:06:20]} 17. h3 {[%emt 0:01:39]} Nxe3 {[%emt 0:00:33]} 18. fxe3 {[%emt 0:00:02]} f6 {[%emt 0:04:46]} 19. e6 {[%emt 0:00:37]} f5 {[%emt 0:00:57]} 20. Na4 {[%emt 0:02:39]} Rab8 {[%emt 0:03:10]} 21. a3 {[%emt 0:05:37]} a5 {[%emt 0:07:11]} 22. Rd7 {[%emt 0:00:41]} Bf6 {[%emt 0:00:50]} 23. Kc2 {[%emt 0:01:24]} Rfc8 {[%emt 0:12:51]} 24. R1d3 {[%emt 0:10:23]} Kg7 {[%emt 0:09:27]} 25. Ra7 {[%emt 0:01:20]} Rb5 {[%emt 0:02:45]} 26. Ra6 {[%emt 0:01:51]} g5 {[%emt 0:02:54]} 27. fxg5 {[%emt 0:01:38]} Bxg5 {[%emt 0:01:16]} 28. Nb6 {[%emt 0:00:17]} Rb8 {[%emt 0:00:34]} 29. Nc4 {[%emt 0:00:15]} Rc5 {[%emt 0:00:33]} 30. b3 {[%emt 0:01:58]} Kf6 {[%emt 0:05:11]} 31. Rxa5 {[%emt 0:00:48]} Rxa5 {[%emt 0:01:00]} 32. Nxa5 {[%emt 0:00:04]} Ra8 {[%emt 0:00:02]} 33. b4 {[%emt 0:03:24]} c5 {[%emt 0:00:26]} 34. Nc6 {[%emt 0:00:49]} cxb4 {[%emt 0:04:07]} 35. axb4 {[%emt 0:00:18]} Ra2+ {[%emt 0:00:49]} 36. Kc3 {[%emt 0:05:24]} Re2 {[%emt 0:03:27]} 37. Nd4 {[%emt 0:03:14]} Rxe3 {[%emt 0:02:12]} 38. b5 {[%emt 0:00:36]} Re1 {[%emt 0:03:14]} 39. Rf3 {[%emt 0:01:11]} Rc1+ {[%emt 0:05:02]} 40. Kd3 {[%emt 0:00:00]} f4 {[%emt 0:00:00]} 41. Ke4 {[%emt 0:01:46]} Rb1 {[%emt 0:01:53]} 42. Kd5 {[%emt 0:04:55]} h5 {[%emt 0:05:56]} 43. Rd3 {[%emt 0:01:28]} Bh4 {[%emt 0:03:52]} 44. Rf3 {[%emt 0:00:42]} Bg5 {[%emt 0:01:26]} 45. Nb3 {[%emt 0:02:06]} Rd1+ {[%emt 0:00:31]} 46. Kc6 {[%emt 0:00:05]} Kf5 {[%emt 0:01:51]} 47. Nc5 {[%emt 0:02:31]} Bf6 {[%emt 0:02:48]} 48. b6 {[%emt 0:01:42]} Be5 {[%emt 0:00:27]} 49. b7 {[%emt 0:01:21]} Rd6+ {[%emt 0:02:29]} 50. Kb5 {[%emt 0:00:06]} Rd1 {[%emt 0:00:09]} 51. Rb3 {[%emt 0:06:11]} h4 {[%emt 0:01:58]} 52. Ka6 {[%emt 0:03:45]} Ra1+ {[%emt 0:00:27]} 53. Kb6 {[%emt 0:00:18]} Rd1 {[%emt 0:00:54]} 54. Na6 {[%emt 0:07:41]} Rd6+ {[%emt 0:01:16]} 55. Kb5 {[%emt 0:01:02]} Rd5+ {[%emt 0:01:30]} 56. Kc4 {[%emt 0:00:38]} Rd4+ {[%emt 0:00:06]} 57. Kc5 {[%emt 0:00:35]} Rd1 {[%emt 0:00:45]} 58. Rb5 {[%emt 0:07:10]} f3 {[%emt 0:04:17]} 59. Kb6 {[%emt 0:11:33]} Rd8 {[%emt 0:02:54]} 60. Nb4 {[%emt 0:01:34]} f2 {[%emt 0:02:07]} 61. Rxe5+ {[%emt 0:01:08]} Kxe5 {[%emt 0:04:03]} 62. Nc6+ {[%emt 0:00:34]} Kxe6 {[%emt 0:00:08]} 63. Nxd8+ {[%emt 0:00:06]} Kd7 {[%emt 0:00:02]} 64. b8=Q {[%emt 0:00:24]} f1=Q {[%emt 0:00:07]} 65. Qc7+ {[%emt 0:00:11]} Ke8 {[%emt 0:00:06]} 66. Nc6 {[%emt 0:00:44]} Qb1+ {[%emt 0:00:55]} 67. Ka7 {[%emt 0:00:31]} Qa2+ {[%emt 0:00:23]} 68. Kb7 {[%emt 0:00:04]} Qb3+ {[%emt 0:00:14]} 69. Ka8 {[%emt 0:14:44]} Qa3+ {[%emt 0:01:24]} 70. Kb8 {[%emt 0:00:13]} Qb3+ {[%emt 0:00:12]} 71. Qb7 {[%emt 0:02:33]} Qg3+ {[%emt 0:00:10]} 72. Ka8 {[%emt 0:01:12]} Qa3+ {[%emt 0:00:21]} 73. Qa7 {[%emt 0:00:23]} Qxa7+ {[%emt 0:01:01]} 74. Kxa7 {[%emt 0:00:04]} Kf7 {[%emt 0:01:14]} 75. Ne5+ {[%emt 0:08:14]} Kf6 {[%emt 0:00:20]} 76. Nf3 {[%emt 0:00:07]} e5 {[%emt 0:01:36]} 77. Kb6 {[%emt 0:00:28]} e4 {[%emt 0:01:20]} 78. Ng1 {[%emt 0:00:45]} Ke5 {[%emt 0:00:27]} 79. Kc5 {[%emt 0:00:06]} e3 {[%emt 0:00:52]} 80. Kc4 {[%emt 0:00:10]} e2 {[%emt 0:01:35]} 81. Nxe2 {[%emt 0:00:04]} Ke4 {[%emt 0:00:05]} 82. Ng1 {[%emt 0:00:36]} Ke3 {[%emt 0:00:16]} 83. Kd5 {[%emt 0:00:03]} Kf2 {[%emt 0:00:04]} 84. Ke4 {[%emt 0:00:07]} Kxg1 {[%emt 0:00:03]} 85. Kf3 {[%emt 0:00:03]} 1-0

[Event "UKR-ch"]
[Site "Lutsk UKR"]
[Date "2019.12.16"]
[Round "6.4"]
[White "Golubka, Petro"]
[Black "Eljanov, Pavel"]
[Result "1/2-1/2"]
[WhiteElo "2479"]
[BlackElo "2663"]
[WhiteFideId "-1"]
[BlackFideId "-1"]
[PlyCount "99"]
[GameId "2129404752039169"]
[EventDate "2019.12.10"]
[EventType "tourn"]
[EventRounds "9"]
[EventCountry "UKR"]
[EventCategory "15"]
[SourceTitle "10 Days #600"]
[Source "Chess Mix"]
[SourceDate "2019.12.20"]
[SourceVersion "1"]
[SourceVersionDate "2019.12.20"]
[SourceQuality "1"]
[TimeControl "40/5400+30:1800+30"]

1. e4 c5 2. Nf3 Nc6 3. d4 cxd4 4. Nxd4 Nf6 5. Nc3 d6 6. Bg5 e6 7. Qd2 a6 8. O-O-O Be7 9. f4 Bd7 10. Nf3 b5 11. Bd3 b4 12. Ne2 h6 13. Bh4 a5 14. Ned4 Nxd4 15. Nxd4 Rc8 16. Rhe1 O-O 17. g4 Qb6 18. g5 hxg5 19. Bxg5 Qxd4 20. e5 g6 21. Bxf6 Bxf6 22. exf6 Qxf6 23. h4 Rc5 24. Be4 d5 25. Bd3 Rfc8 26. Kb1 Kf8 27. h5 gxh5 28. Qh2 h4 29. f5 exf5 30. Qf4 Bb5 31. Bxb5 Rxb5 32. b3 Rbc5 33. Re2 h3 34. Rd3 d4 35. Rh2 Rc3 36. Rdxh3 Rxh3 37. Rxh3 Re8 38. Rh1 Re5 39. a4 bxa3 40. Ka2 a4 41. bxa4 Qe6+ 42. Kxa3 Qd6+ 43. Ka2 d3 44. Rh8+ Kg7 45. Qh4 Qe6+ 46. Kb2 Qb6+ 47. Ka2 Qe6+ 48. Kb2 Qb6+ 49. Ka2 Qe6+ 50. Kb2 1/2-1/2

[Event "UKR-ch"]
[Site "Lutsk UKR"]
[Date "2019.12.17"]
[Round "7.1"]
[White "Kryvoruchko, Yuriy"]
[Black "Golubka, Petro"]
[Result "1-0"]
[WhiteElo "2675"]
[BlackElo "2479"]
[WhiteFideId "-1"]
[BlackFideId "-1"]
[PlyCount "79"]
[GameId "2130307600146252"]
[EventDate "2019.12.10"]
[EventType "tourn"]
[EventRounds "9"]
[EventCountry "UKR"]
[EventCategory "15"]
[SourceTitle "10 Days #600"]
[Source "Chess Mix"]
[SourceDate "2019.12.20"]
[SourceVersion "1"]
[SourceVersionDate "2019.12.20"]
[SourceQuality "1"]

1. e4 e5 2. Nf3 Nc6 3. Bb5 a6 4. Ba4 Nf6 5. O-O b5 6. Bb3 Be7 7. a4 Bb7 8. d3 O-O 9. Re1 d6 10. Nbd2 Na5 11. Ba2 c5 12. Nf1 c4 13. Bd2 Qc7 14. Ne3 Rfe8 15. b4 cxb3 16. cxb3 h6 17. Rc1 Nc6 18. Nd5 Qd8 19. b4 Rc8 20. axb5 axb5 21. Qb3 Rf8 22. Ne3 Rc7 23. Rc2 Qd7 24. Nf5 Kh7 25. d4 Nxd4 26. N3xd4 exd4 27. Rxc7 Qxc7 28. Bb1 g6 29. Nxh6 Bd8 30. Qh3 Bc8 31. Nf5+ Kg8 32. Rc1 Bxf5 33. exf5 Qd7 34. Qf3 d5 35. fxg6 fxg6 36. Bh6 Re8 37. Bxg6 Re7 38. Qxf6 Re1+ 39. Rxe1 Bxf6 40. Re8+ 1-0

[Event "UKR-ch"]
[Site "Lutsk UKR"]
[Date "2019.12.18"]
[Round "8.1"]
[White "Volokitin, Andrei"]
[Black "Golubka, Petro"]
[Result "1-0"]
[WhiteElo "2641"]
[BlackElo "2479"]
[WhiteFideId "-1"]
[BlackFideId "-1"]
[PlyCount "71"]
[GameId "2130307600146254"]
[EventDate "2019.12.10"]
[EventType "tourn"]
[EventRounds "9"]
[EventCountry "UKR"]
[EventCategory "15"]
[SourceTitle "10 Days #600"]
[Source "Chess Mix"]
[SourceDate "2019.12.20"]
[SourceVersion "1"]
[SourceVersionDate "2019.12.20"]
[SourceQuality "1"]

1. e4 e5 2. Nf3 Nc6 3. Bb5 a6 4. Ba4 Nf6 5. O-O Be7 6. Re1 b5 7. Bb3 d6 8. c3 O-O 9. h3 Na5 10. Bc2 c5 11. d4 Nd7 12. a4 Bb7 13. d5 Qc7 14. b4 Nc4 15. Nfd2 Nxd2 16. Bxd2 f5 17. exf5 bxa4 18. bxc5 Qxc5 19. Rxa4 Bxd5 20. c4 Bb7 21. Nc3 Qc8 22. Be3 Bc6 23. Nd5 Bd8 24. Ra3 Rb8 25. Be4 a5 26. Rxa5 Nf6 27. Nxf6+ Rxf6 28. Bd5+ Kh8 29. Ra7 Rxf5 30. Qg4 g6 31. Qe4 Bxd5 32. Qxd5 Bb6 33. Bxb6 Rxb6 34. c5 dxc5 35. g4 Rg5 36. f4 1-0

[Event "UKR-ch"]
[Site "Lutsk UKR"]
[Date "2019.12.19"]
[Round "9.5"]
[White "Golubka, Petro"]
[Black "Shtembuliak, Evgeny"]
[Result "0-1"]
[WhiteElo "2479"]
[BlackElo "2600"]
[WhiteFideId "-1"]
[BlackFideId "-1"]
[PlyCount "50"]
[GameId "2130307600146263"]
[EventDate "2019.12.10"]
[EventType "tourn"]
[EventRounds "9"]
[EventCountry "UKR"]
[EventCategory "15"]
[SourceTitle "10 Days #600"]
[Source "Chess Mix"]
[SourceDate "2019.12.20"]
[SourceVersion "1"]
[SourceVersionDate "2019.12.20"]
[SourceQuality "1"]

1. e4 e6 2. d4 d5 3. Nc3 Nf6 4. e5 Nfd7 5. f4 c5 6. Nf3 Nc6 7. Be3 Be7 8. Qd2 a6 9. O-O-O c4 10. f5 b5 11. fxe6 fxe6 12. Kb1 Nb6 13. Ne2 b4 14. Qe1 O-O 15. h4 Rb8 16. b3 Bd7 17. Nf4 Na7 18. Ng5 Rxf4 19. Bxf4 Nb5 20. Rh3 h6 21. Bd2 hxg5 22. Bxb4 g4 23. Bxe7 Qxe7 24. Rg3 Be8 25. Be2 Qa3 0-1

[Event "Voivoda Cup"]
[Site "Legnica POL"]
[Date "2019.11.26"]
[Round "1.2"]
[White "Golubka, Petro"]
[Black "Sieciechowicz, Marcin"]
[Result "1/2-1/2"]
[WhiteElo "2479"]
[BlackElo "2366"]
[WhiteFideId "-1"]
[BlackFideId "-1"]
[PlyCount "151"]
[GameId "2130307600517538"]
[EventDate "2019.11.26"]
[EventType "tourn"]
[EventRounds "9"]
[EventCountry "POL"]
[EventCategory "8"]
[SourceTitle "10 Days #599"]
[Source "ChessMix"]
[SourceDate "2019.12.10"]
[SourceVersion "1"]
[SourceVersionDate "2019.12.10"]
[SourceQuality "1"]

1. d4 d5 2. Nf3 Nf6 3. c4 c6 4. Nc3 e6 5. cxd5 exd5 6. Bg5 Be7 7. Qc2 h6 8. Bf4 O-O 9. e3 Be6 10. Bd3 Nbd7 11. h3 c5 12. dxc5 Nxc5 13. O-O Rc8 14. Rfd1 Nce4 15. Be5 Nxc3 16. bxc3 Nd7 17. Bd4 Qc7 18. Rab1 b6 19. Bh7+ Kh8 20. Bf5 Bf6 21. a4 Bxd4 22. Nxd4 Bxf5 23. Qxf5 Nf6 24. Qd3 Qc4 25. Nb5 a6 26. Nd4 Qxd3 27. Rxd3 Nd7 28. Nf5 Nc5 29. Rd4 Rc6 30. Ne7 Rd6 31. Nxd5 Nxa4 32. Rxa4 Rxd5 33. Rxb6 Rc5 34. c4 Rfc8 35. Rb7 Kg8 36. Rxa6 Rxc4 37. Raa7 Rf8 38. g4 Rcc8 39. Kg2 Rb8 40. h4 Rxb7 41. Rxb7 g6 42. f4 Ra8 43. Rb5 Kg7 44. h5 gxh5 45. Rxh5 Ra4 46. Rd5 Rb4 47. Rd8 Ra4 48. Re8 Rb4 49. Kg3 Rb1 50. Re5 Ra1 51. Kf3 Rb1 52. Ke4 Rb4+ 53. Kf5 Rb6 54. Re8 Rb5+ 55. Ke4 Rb4+ 56. Kf3 Rb1 57. Re5 Ra1 58. e4 Rf1+ 59. Kg3 Rg1+ 60. Kh3 Rf1 61. Rf5 Ra1 62. e5 Ra3+ 63. Kh4 Ra6 64. Rh5 Ra3 65. Rf5 Ra6 66. g5 hxg5+ 67. Rxg5+ Kf8 68. Kg4 Rb6 69. Rh5 f6 70. Rh6 Kg7 71. Rh5 fxe5 72. fxe5 Kf7 73. Kf5 Ke7 74. Rh7+ Ke8 75. e6 Rb1 76. Kf6 1/2-1/2

[Event "Voivoda Cup"]
[Site "Legnica POL"]
[Date "2019.11.27"]
[Round "2.5"]
[White "Kantans, Toms"]
[Black "Golubka, Petro"]
[Result "1/2-1/2"]
[WhiteElo "2490"]
[BlackElo "2479"]
[WhiteFideId "-1"]
[BlackFideId "-1"]
[PlyCount "96"]
[GameId "2130307600517546"]
[EventDate "2019.11.26"]
[EventType "tourn"]
[EventRounds "9"]
[EventCountry "POL"]
[EventCategory "8"]
[SourceTitle "10 Days #599"]
[Source "ChessMix"]
[SourceDate "2019.12.10"]
[SourceVersion "1"]
[SourceVersionDate "2019.12.10"]
[SourceQuality "1"]

1. e4 e5 2. Nf3 Nc6 3. Bb5 a6 4. Ba4 Nf6 5. O-O b5 6. Bb3 Be7 7. d4 d6 8. c3 O-O 9. Qe2 Bg4 10. Rd1 Qc8 11. h3 Bh5 12. Bg5 Rb8 13. a4 b4 14. Bc4 Na5 15. Nbd2 Nxc4 16. Qxc4 bxc3 17. bxc3 exd4 18. cxd4 d5 19. exd5 Rb4 20. Qc2 Qb7 21. Re1 Bg6 22. Qc1 Bd6 23. Bxf6 gxf6 24. Ne4 Kg7 25. Nxd6 cxd6 26. Qc6 Rd8 27. a5 Rb5 28. Nd2 Rc8 29. Qxd6 Rxd5 30. Qf4 Qb4 31. Nf1 Rxd4 32. Qg3 Rc5 33. Reb1 Qc3 34. Ne3 Rd3 35. Rc1 Qd4 36. Rxc5 Qxc5 37. Ra4 h5 38. Qb8 Rc3 39. Qf4 Qe5 40. Qxe5 fxe5 41. g4 hxg4 42. hxg4 Rc5 43. Kg2 Kf6 44. Kg3 Kg5 45. Ra1 Rb5 46. Ra3 Rc5 47. Ra1 Rb5 48. Ra3 Rc5 1/2-1/2

[Event "Voivoda Cup"]
[Site "Legnica POL"]
[Date "2019.11.27"]
[Round "3.1"]
[White "Golubka, Petro"]
[Black "Hnydiuk, Aleksander"]
[Result "1-0"]
[WhiteElo "2479"]
[BlackElo "2423"]
[WhiteFideId "-1"]
[BlackFideId "-1"]
[PlyCount "69"]
[GameId "2130307600517547"]
[EventDate "2019.11.26"]
[EventType "tourn"]
[EventRounds "9"]
[EventCountry "POL"]
[EventCategory "8"]
[SourceTitle "10 Days #599"]
[Source "ChessMix"]
[SourceDate "2019.12.10"]
[SourceVersion "1"]
[SourceVersionDate "2019.12.10"]
[SourceQuality "1"]

1. c4 c6 2. d4 d5 3. Nc3 Nf6 4. Nf3 dxc4 5. a4 e6 6. e3 c5 7. Bxc4 cxd4 8. exd4 Nc6 9. O-O Be7 10. Re1 O-O 11. Bg5 h6 12. Bf4 Nb4 13. a5 Bd7 14. Ne5 Rc8 15. Re3 Nfd5 16. Bxd5 Nxd5 17. Nxd5 exd5 18. Qh5 Bg5 19. Bxg5 hxg5 20. g4 f6 21. Ng6 Re8 22. Rae1 Re4 23. Rxe4 dxe4 24. Rxe4 Be6 25. h4 Qd6 26. hxg5 fxg5 27. Qxg5 Re8 28. d5 Bf7 29. Rxe8+ Bxe8 30. Ne7+ Kf7 31. Qxg7+ Kxg7 32. Nf5+ Kf6 33. Nxd6 Bd7 34. f3 Ke5 35. Ne4 1-0

[Event "Voivoda Cup"]
[Site "Legnica POL"]
[Date "2019.11.28"]
[Round "4.5"]
[White "Golubka, Petro"]
[Black "Dhulipalla, Bala Chandra Prasad"]
[Result "1-0"]
[WhiteElo "2479"]
[BlackElo "2414"]
[WhiteFideId "-1"]
[BlackFideId "-1"]
[PlyCount "131"]
[GameId "2130307600517556"]
[EventDate "2019.11.26"]
[EventType "tourn"]
[EventRounds "9"]
[EventCountry "POL"]
[EventCategory "8"]
[SourceTitle "10 Days #599"]
[Source "ChessMix"]
[SourceDate "2019.12.10"]
[SourceVersion "1"]
[SourceVersionDate "2019.12.10"]
[SourceQuality "1"]

1. Nf3 d5 2. d4 e6 3. g3 Nf6 4. Bg2 b5 5. Qd3 b4 6. c4 bxc3 7. Nxc3 Be7 8. Bf4 O-O 9. O-O Ba6 10. Qc2 Nbd7 11. Rfd1 c5 12. e4 dxe4 13. Nxe4 Nxe4 14. Qxe4 Qb6 15. Ne5 Nxe5 16. Bxe5 Rad8 17. Qf4 g5 18. Qg4 f6 19. Bc7 Qxc7 20. Qxe6+ Kh8 21. Qxa6 cxd4 22. Rac1 Qb6 23. Qd3 Bd6 24. Qf5 Be5 25. Be4 Rf7 26. Rc2 Rfd7 27. Rd3 Qb4 28. Kg2 Qe7 29. Rc6 Qg7 30. b4 Re7 31. b5 Rde8 32. Rc8 Rxc8 33. Qxc8+ Qg8 34. Qc6 Qe6 35. Qa8+ Qg8 36. Qxg8+ Kxg8 37. a4 Kf8 38. Bc6 Kf7 39. a5 Ke6 40. Kf1 f5 41. Rb3 Kd6 42. Bf3 Kc5 43. Be2 Bc7 44. b6 axb6 45. a6 Bb8 46. Rb5+ Kc6 47. Rxf5 Rg7 48. Bb5+ Kd6 49. Bc4 Rc7 50. Rd5+ Ke6 51. Rxd4+ Ke5 52. Rd8 Ba7 53. Bb5 Rc5 54. Rd7 Rxb5 55. Rxa7 Ra5 56. Ra8 Kf6 57. a7 Kg7 58. f4 gxf4 59. gxf4 b5 60. Ke2 b4 61. Kd3 Ra4 62. f5 Ra6 63. Kc4 Ra4 64. f6+ Kf7 65. Rh8 b3+ 66. Kxb3 1-0

[Event "Voivoda Cup"]
[Site "Legnica POL"]
[Date "2019.11.29"]
[Round "5.2"]
[White "Solodovnichenko, Yuri"]
[Black "Golubka, Petro"]
[Result "1/2-1/2"]
[WhiteElo "2584"]
[BlackElo "2479"]
[WhiteFideId "-1"]
[BlackFideId "-1"]
[PlyCount "64"]
[GameId "2130307600517558"]
[EventDate "2019.11.26"]
[EventType "tourn"]
[EventRounds "9"]
[EventCountry "POL"]
[EventCategory "8"]
[SourceTitle "10 Days #599"]
[Source "ChessMix"]
[SourceDate "2019.12.10"]
[SourceVersion "1"]
[SourceVersionDate "2019.12.10"]
[SourceQuality "1"]

1. e4 e5 2. Nf3 Nc6 3. Bb5 a6 4. Ba4 Nf6 5. O-O b5 6. Bb3 Be7 7. Re1 O-O 8. c3 d6 9. h3 a5 10. d4 a4 11. Bc2 Bd7 12. Na3 Qb8 13. Bd3 exd4 14. cxd4 Nb4 15. Bb1 Re8 16. Nc2 Nxc2 17. Qxc2 g6 18. Qd2 d5 19. e5 Nh5 20. g4 Ng7 21. Qh6 Ne6 22. Ng5 Nxg5 23. Bxg5 Bf8 24. Qh4 Qb6 25. Be3 c5 26. f4 cxd4 27. Bf2 a3 28. bxa3 Rxa3 29. f5 Be7 30. Qh6 Bf8 31. Qh4 Be7 32. Qh6 Bf8 1/2-1/2

[Event "Voivoda Cup"]
[Site "Legnica POL"]
[Date "2019.11.29"]
[Round "6.4"]
[White "Golubka, Petro"]
[Black "Goluch, Piotr"]
[Result "1-0"]
[WhiteElo "2479"]
[BlackElo "2415"]
[WhiteFideId "-1"]
[BlackFideId "-1"]
[PlyCount "85"]
[GameId "2130307600517565"]
[EventDate "2019.11.26"]
[EventType "tourn"]
[EventRounds "9"]
[EventCountry "POL"]
[EventCategory "8"]
[SourceTitle "10 Days #599"]
[Source "ChessMix"]
[SourceDate "2019.12.10"]
[SourceVersion "1"]
[SourceVersionDate "2019.12.10"]
[SourceQuality "1"]

1. d4 Nf6 2. c4 g6 3. Nc3 Bg7 4. e4 d6 5. Be2 O-O 6. Be3 e5 7. d5 a5 8. g4 Na6 9. g5 Nd7 10. h4 Ndc5 11. Nf3 c6 12. Nd2 Bd7 13. Nb3 cxd5 14. Nxc5 Nxc5 15. cxd5 f5 16. gxf6 Qxf6 17. f3 Rfc8 18. a4 h5 19. Kd2 Kh7 20. Ra3 Rc7 21. Qg1 Rac8 22. Bd1 Be8 23. Qf2 Bh6 24. Bxh6 Kxh6 25. Qe3+ Kh7 26. Rh2 b6 27. Bc2 Bf7 28. Ra1 Qf4 29. Qxf4 exf4 30. Ne2 Nd7 31. Bd1 Ne5 32. Nxf4 Nc4+ 33. Ke1 Kg7 34. Nh3 Kf6 35. Ng5 Ne3 36. Re2 Nxd1 37. Rxd1 Rc1 38. Rxc1 Rxc1+ 39. Kf2 b5 40. axb5 Rc5 41. e5+ Kg7 42. exd6 Bxd5 43. d7 1-0

[Event "Voivoda Cup"]
[Site "Legnica POL"]
[Date "2019.11.30"]
[Round "7.3"]
[White "Grela, Kacper"]
[Black "Golubka, Petro"]
[Result "1-0"]
[WhiteElo "2369"]
[BlackElo "2479"]
[WhiteFideId "-1"]
[BlackFideId "-1"]
[PlyCount "111"]
[GameId "2130307600517569"]
[EventDate "2019.11.26"]
[EventType "tourn"]
[EventRounds "9"]
[EventCountry "POL"]
[EventCategory "8"]
[SourceTitle "10 Days #599"]
[Source "ChessMix"]
[SourceDate "2019.12.10"]
[SourceVersion "1"]
[SourceVersionDate "2019.12.10"]
[SourceQuality "1"]

1. e4 e5 2. Nf3 Nc6 3. Bb5 a6 4. Ba4 Nf6 5. d3 b5 6. Bb3 Be7 7. O-O d6 8. a3 O-O 9. Nc3 Bb7 10. Re1 Nb8 11. Ne2 Nh5 12. Ng3 Nxg3 13. hxg3 Nd7 14. c3 Nc5 15. Ba2 Na4 16. Qc2 c5 17. Be3 Rc8 18. Rad1 Qd7 19. Qe2 Kh8 20. Bb1 Qe6 21. Bc1 Bf6 22. d4 Rfd8 23. d5 Qd7 24. Nh2 b4 25. axb4 cxb4 26. cxb4 Rf8 27. Bd3 Bd8 28. Be3 g6 29. g4 Rb8 30. Ra1 Bc8 31. Qd2 Qe8 32. Rec1 Bd7 33. b3 Nb6 34. Rxa6 f5 35. exf5 Nxd5 36. fxg6 Nxe3 37. Qxe3 Qe7 38. Qh6 Bb6 39. Rxb6 Rxb6 40. Rc7 Rc8 41. g7+ Qxg7 42. Qxg7+ Kxg7 43. Rxd7+ Kf6 44. Nf3 Rc3 45. Bxh7 Rxb3 46. g5+ Ke6 47. Ra7 R3xb4 48. g6 Rg4 49. Kh2 Kf6 50. Rf7+ Ke6 51. Kh3 Rbb4 52. Rf8 Ke7 53. Rf5 Ke6 54. Rg5 Rxg5 55. Nxg5+ Kf6 56. Ne6 1-0

[Event "Voivoda Cup"]
[Site "Legnica POL"]
[Date "2019.12.01"]
[Round "8.3"]
[White "Golubka, Petro"]
[Black "Cyborowski, Lukasz"]
[Result "1-0"]
[WhiteElo "2479"]
[BlackElo "2509"]
[WhiteFideId "-1"]
[BlackFideId "-1"]
[PlyCount "113"]
[GameId "2130307600517574"]
[EventDate "2019.11.26"]
[EventType "tourn"]
[EventRounds "9"]
[EventCountry "POL"]
[EventCategory "8"]
[SourceTitle "10 Days #599"]
[Source "ChessMix"]
[SourceDate "2019.12.10"]
[SourceVersion "1"]
[SourceVersionDate "2019.12.10"]
[SourceQuality "1"]

1. c4 e5 2. Nc3 Nf6 3. g3 d5 4. cxd5 Nxd5 5. Bg2 Nb6 6. Nf3 Nc6 7. O-O Be7 8. d3 O-O 9. Be3 Be6 10. a3 Qd7 11. Re1 f6 12. Rc1 Nd5 13. Nxd5 Bxd5 14. Bc5 Rfd8 15. b4 Kh8 16. Qc2 Rac8 17. Red1 Bxc5 18. Qxc5 a6 19. e3 Qg4 20. Ne1 Qe6 21. Nf3 Qg4 22. h3 Qh5 23. Ne1 Qf7 24. h4 Rd7 25. Bh3 Be6 26. Bg2 Bd5 27. Bh3 Be6 28. Bxe6 Qxe6 29. Qc4 Qf5 30. a4 Nd8 31. d4 Nf7 32. Qc2 e4 33. Qe2 Qe6 34. Ng2 g5 35. Rc5 c6 36. b5 axb5 37. axb5 Rd5 38. bxc6 Rxc6 39. Rxd5 Qxd5 40. Qh5 Rd6 41. Rc1 Qe6 42. Rb1 Qd7 43. f3 exf3 44. Qxf3 b6 45. e4 Qa4 46. d5 Ne5 47. Qf5 h6 48. Rc1 Qd7 49. Ne3 b5 50. Rc8+ Kg7 51. Qxd7+ Rxd7 52. h5 Ra7 53. Nf5+ Kh7 54. d6 Nd7 55. Rc7 Rxc7 56. dxc7 Nb6 57. Kf2 1-0

[Event "Voivoda Cup"]
[Site "Legnica POL"]
[Date "2019.12.02"]
[Round "9.4"]
[White "Polok, Kacper"]
[Black "Golubka, Petro"]
[Result "0-1"]
[WhiteElo "2336"]
[BlackElo "2479"]
[WhiteFideId "-1"]
[BlackFideId "-1"]
[PlyCount "86"]
[GameId "2130307600517580"]
[EventDate "2019.11.26"]
[EventType "tourn"]
[EventRounds "9"]
[EventCountry "POL"]
[EventCategory "8"]
[SourceTitle "10 Days #599"]
[Source "ChessMix"]
[SourceDate "2019.12.10"]
[SourceVersion "1"]
[SourceVersionDate "2019.12.10"]
[SourceQuality "1"]

1. e4 c5 2. Nc3 a6 3. g3 b5 4. Bg2 Bb7 5. Nge2 d6 6. O-O e5 7. a4 b4 8. Nd5 Nd7 9. c4 bxc3 10. Nexc3 Ne7 11. Ne3 Nc6 12. d3 Nb4 13. f4 exf4 14. gxf4 Be7 15. Rf3 g6 16. Nc4 O-O 17. Rh3 f5 18. Ne3 fxe4 19. dxe4 Bf6 20. Qxd6 Bd4 21. Qe6+ Kg7 22. Kh1 Nf6 23. Bd2 Bc8 24. Qc4 Bxh3 25. Bxh3 Bxe3 26. Bxe3 Nc2 27. Bxc5 Nxa1 28. e5 Nd7 29. Bd4 Nb6 30. e6+ Kh6 31. Bxb6 Qxb6 32. Nd5 Qxb2 33. e7 Qb1+ 34. Kg2 Qc2+ 35. Qxc2 Nxc2 36. exf8=Q+ Rxf8 37. Kf3 a5 38. Nb6 Ne1+ 39. Ke2 Re8+ 40. Kf2 Nd3+ 41. Kf3 Rf8 42. Nd5 Nxf4 43. Nxf4 g5 0-1

[Event "SWE-chT 1920 Elite"]
[Site "Sweden"]
[Date "2019.10.20"]
[Round "3.5"]
[White "Golubka, Petro"]
[Black "Vaarala, Eric"]
[Result "1/2-1/2"]
[WhiteElo "2471"]
[BlackElo "2321"]
[WhiteFideId "-1"]
[BlackFideId "-1"]
[PlyCount "51"]
[GameId "1481762794921984"]
[EventDate "2019.10.18"]
[EventType "team-tourn"]
[EventRounds "9"]
[EventCountry "SWE"]
[SourceTitle "CBM 194 Extra"]
[Source "ChessBase"]
[SourceDate "2020.03.31"]
[SourceVersion "1"]
[SourceVersionDate "2020.03.31"]
[SourceQuality "1"]
[WhiteTeam "Vaxjo"]
[BlackTeam "Vasteras"]
[WhiteTeamCountry "SWE"]
[BlackTeamCountry "SWE"]

1. e4 e6 2. d4 d5 3. Nc3 dxe4 4. Nxe4 Nd7 5. Nf3 Ngf6 6. Nxf6+ Nxf6 7. g3 Be7 8. Bg2 O-O 9. O-O h6 10. Ne5 Nd7 11. Qg4 Nf6 12. Qd1 Nd7 13. Nc4 Bf6 14. Re1 Nb6 15. Ne5 Qe7 16. Qh5 c5 17. Ng4 cxd4 18. Nxf6+ Qxf6 19. Bf4 Rd8 20. Rad1 d3 21. c3 Nc4 22. Qb5 e5 23. Qxc4 exf4 24. Rxd3 Be6 25. Rxd8+ Rxd8 26. Qxf4 1/2-1/2